000 00365cam a22001217a 4500
008 180718b1935 xxu||||| |||| 00| 0 eng d
082 _aR8x42 H565
245 _aAre trade unions obstructive? an impartial inquiry
_cedited by J. Hilton...[et.al.]
260 _aLondon
_bVictor Gollancz
_c1935
300 _a349p.
650 _aLabour Unions - UK
700 _aHilton, J.
999 _c368191
_d368191